000 00584nam a2200181Ia 4500
008 150610s9999 xx 000 0 und d
020 _a9780375858208
050 _aPZ7
_b.P196b 2008  
100 _aPaolini, Christopher
245 _aBrisingr, or, The seven promises of Eragon Shadeslayer and Saphira Bjartskular /
_cChristopher Paolini.
250 _a1st ed.
260 _aNew York :
_bLaurel-Leaf,
_c2008.
300 _a1110pages :
_billustrations ;
_c18 cm.
440 _aInheritance; bk. 3
_vv.3
520 _aFiction.
650 _aYouths' writings
650 _bFantasy
999 _c287878
_d287878